Možnosti zániku trestnosti trestného činu nedovoleného ozbrojovania a obchodovania so zbraňami

Predkladaný článok sa zaoberá analyzovaním možností zániku trestnosti činu vo vzťahu k trestnému činu nedovolené ozbrojovanie a obchodovanie so zbraňami. V článku sa následne analyzujú možnosti uplatnia jednotlivých inštitútov zániku trestnosti s navrhovanými úpravami de lege ferenda vo vzťahu k inš...

Full description

Saved in:
Bibliographic Details
Main Author: Kocúr, Patrik
Format: Book Chapter
Language:Slovak
Subjects:
Tags: Add Tag
No Tags, Be the first to tag this record!

MARC

LEADER 00000naa a2200000 4500
001 0311840
005 20250808102625.3
041 0 |a slo 
044 |a SK 
245 1 0 |a Možnosti zániku trestnosti trestného činu nedovoleného ozbrojovania a obchodovania so zbraňami  |c Patrik Kocúr 
520 |a Predkladaný článok sa zaoberá analyzovaním možností zániku trestnosti činu vo vzťahu k trestnému činu nedovolené ozbrojovanie a obchodovanie so zbraňami. V článku sa následne analyzujú možnosti uplatnia jednotlivých inštitútov zániku trestnosti s navrhovanými úpravami de lege ferenda vo vzťahu k inštitútu účinnej ľútosti, a to pri zohľadnení štatistických ukazovateľov už ukončených zbraňových amnestií. 
610 2 0 |a činy trestné 
610 2 0 |a zbrane 
610 2 0 |a obchod nezákonný 
610 2 0 |a kriminalita 
100 1 |a Kocúr, Patrik